000 00301nam a2200121Ia 4500
005 20251222144830.0
008 251222s9999||||xx |||||||||||||| ||spa||
082 _a613.9/T26
100 _aTóvara Orozco, Luis
245 0 _aReproducción Humana
264 _bEducación Médica Continua
942 _cLIB
999 _c20825
_d20825